Разработка методики идентификации сварных соединений на основе методов трехмерной реконструкции; VI Школа-конференция молодых атомщиков Сибири

Dettagli Bibliografici
Parent link:VI Школа-конференция молодых атомщиков Сибири.— 2015.— [С. 73]
Autore principale: Седнев Д. А. Дмитрий Андреевич
Enti autori: Национальный исследовательский Томский политехнический университет (ТПУ) Физико-технический институт (ФТИ) Кафедра физико-энергетических установок (№ 21) (ФЭУ), Национальный исследовательский Томский политехнический университет (ТПУ) Институт неразрушающего контроля (ИНК) Международная научно-образовательная лаборатория неразрушающего контроля (МНОЛ НК), Национальный исследовательский Томский политехнический университет (ТПУ) Энергетический институт (ЭНИН) Кафедра атомных и тепловых электростанций (АТЭС)
Altri autori: Шаравина С. В. Светлана Викторовна, Филиппов Г. А. Геннадий Алексеевич
Riassunto:Заглавие с титульного экрана
Lingua:russo
Pubblicazione: 2015
Serie:Актуальные вопросы ядерного нераспространения, безопасность и экология ядерной отрасли
Soggetti:
Accesso online:http://earchive.tpu.ru/handle/11683/22332
http://www.lib.tpu.ru/fulltext/c/2015/C63/056.pdf
Natura: MixedMaterials Elettronico Capitolo di libro
KOHA link:https://koha.lib.tpu.ru/cgi-bin/koha/opac-detail.pl?biblionumber=615735

MARC

LEADER 00000naa2a2200000 4500
001 615735
005 20231101132855.0
035 |a (RuTPU)RU\TPU\conf\13950 
035 |a RU\TPU\conf\13888 
090 |a 615735 
100 |a 20151117d2015 k y0rusy50 ca 
101 0 |a rus 
102 |a RU 
105 |a y z 101zy 
135 |a drcn ---uucaa 
181 0 |a i  
182 0 |a b 
200 1 |a Разработка методики идентификации сварных соединений на основе методов трехмерной реконструкции  |f Д. А. Седнев, С. В. Шаравина, Г. А. Филиппов 
203 |a Текст  |c электронный 
225 1 |a Актуальные вопросы ядерного нераспространения, безопасность и экология ядерной отрасли 
230 |a 1 компьютерный файл (pdf; 187 Кb) 
300 |a Заглавие с титульного экрана 
320 |a [Библиогр.: с. 73 (3 назв.)] 
337 |a Adobe Reader 
463 0 |0 (RuTPU)RU\TPU\conf\13155  |t VI Школа-конференция молодых атомщиков Сибири  |o сборник тезисов докладов, 14-16 октября 2015 г., г. Томск  |f Росатом ; Томская область, Администрация ; Сибирский химический комбинат (СХК) ; Национальный исследовательский Томский политехнический университет (ТПУ) ; Национальный исследовательский ядерный университет "МИФИ", Северский технологический институт (СТИ)  |v [С. 73]  |d 2015 
610 1 |a труды учёных ТПУ 
610 1 |a электронный ресурс 
610 1 |a сварные соединения 
610 1 |a трехмерная реконструкция 
610 1 |a идентификация 
610 1 |a ядерные материалы 
610 1 |a бесконтактные методы 
700 1 |a Седнев  |b Д. А.  |c специалист в области неразрушающего контроля  |c ассистент Томского политехнического университета, младший научный сотрудни  |f 1989-  |g Дмитрий Андреевич  |2 stltpush  |3 (RuTPU)RU\TPU\pers\28045 
701 1 |a Шаравина  |b С. В.  |c специалист в области неразрушающего контроля  |c инженер Томского политехнического университета  |f 1992-  |g Светлана Викторовна  |2 stltpush  |3 (RuTPU)RU\TPU\pers\35558 
701 1 |a Филиппов  |b Г. А.  |c специалист в области энергетики  |c профессор Томского политехнического университета, академик РАН  |f 1932-  |g Геннадий Алексеевич  |2 stltpush  |3 (RuTPU)RU\TPU\pers\29657 
712 0 2 |a Национальный исследовательский Томский политехнический университет (ТПУ)  |b Физико-технический институт (ФТИ)  |b Кафедра физико-энергетических установок (№ 21) (ФЭУ)  |h 48  |2 stltpush  |3 (RuTPU)RU\TPU\col\18730 
712 0 2 |a Национальный исследовательский Томский политехнический университет (ТПУ)  |b Институт неразрушающего контроля (ИНК)  |b Международная научно-образовательная лаборатория неразрушающего контроля (МНОЛ НК)  |h 6776  |2 stltpush  |3 (RuTPU)RU\TPU\col\19961 
712 0 2 |a Национальный исследовательский Томский политехнический университет (ТПУ)  |b Энергетический институт (ЭНИН)  |b Кафедра атомных и тепловых электростанций (АТЭС)  |h 118  |2 stltpush  |3 (RuTPU)RU\TPU\col\18683 
801 2 |a RU  |b 63413507  |c 20210216  |g RCR 
856 4 |u http://earchive.tpu.ru/handle/11683/22332 
856 4 |u http://www.lib.tpu.ru/fulltext/c/2015/C63/056.pdf 
942 |c BK